| 000 | 00381nam a22001457a 4500 | ||
|---|---|---|---|
| 082 | _aP-445C | ||
| 100 |
_aWaseem Abbas _947522 |
||
| 245 |
_aDesign of prestressed concrete girder bridge _cWaseem Abbas, Sohaib Akhtar |
||
| 260 |
_aRisalpur _bMCE _c2010 |
||
| 300 | _a82 p. | ||
| 526 |
_a0 _b0 _c0 _dP_445C |
||
| 650 | _aProject | ||
| 700 |
_aMuhammad Iqbal _94316 |
||
| 942 |
_2ddc _cBK |
||
| 999 |
_c551263 _d551263 |
||